000 00695nam a22001337a 4500
040 _cRUA
082 _aAGR UN 2009 B039 Or.1
100 _aUN, SOPHEAK.
245 _aEffect of different compost rates on chinese radish royal university of agriculture, ឥទ្ធិពលកំរិតខុសគ្នា នៃជីកំប៉ុស្ដិ៍ស្ទឹងមានជ័យលើដំណាំឆៃថាវ នៅសាកលវិទ្យាល័យភូមិន្ទកសិកម្ម
260 _aPhnom Penh
_bRUA
_c2009
300 _aix; 45p.
_bill.
_c29cm.
856 _uhttps://drive.google.com/file/d/1V_TFRGjWwzDu9ybFB_TqMGMJ4kcSiXnL/view?usp=sharing
942 _cAGR
999 _c2883
_d2883